Isla más grande por país hispanohablante - Estadísticas

Estadísticas generales
  • Esta prueba ha sido intentada 27 veces
    14 desde el último reinicio
  • La puntuación promedio es 3 de 20
Estadísticas de respuestas
País
Isla % Correcto
España Mallorca
71%
Argentina Isla Grande de Tierra del Fuego
57%
República Dominicana La Española
57%
Cuba Cuba
43%
Chile Isla Grande de Tierra del Fuego
21%
Guinea Ecuatorial Bioko
14%
Venezuela Isla de Margarita
14%
México Isla Tiburón
7%
Paraguay Isla Apipé Grande
0%
Costa Rica Isla Calero
0%
Panamá Isla de Coiba
0%
Guatemala Isla de Flores
0%
Uruguay Isla de Lobos
0%
Ecuador Isla Isabela
0%
Colombia Isla Margarita
0%
El Salvador Isla Meanguera
0%
Perú Isla San Lorenzo
0%
Bolivia Isla San Simón
0%
Nicaragua Ometepe
0%
Honduras Roatán
0%
No se encontraron pruebas coincidentes
Distribución de puntuación
Porcentaje de gente con cada puntuación
Porcentaje por número respondido
Historial de tus puntuaciones
No has intentado esta prueba desde el último reinicio